| 000 | 00670nam a22002177a 4500 | ||
|---|---|---|---|
| 005 | 20170124110022.0 | ||
| 010 | _aA-940455 | ||
| 020 | _c00.00 | ||
| 035 | _aA-940455 | ||
| 037 | _bCen Lib/Ret | ||
| 040 |
_aDPL _bEN |
||
| 082 |
_a338.04 _bHAN |
||
| 245 |
_aA handbook of entrepreneurship / _cedited by B.S. Rathore [and] J.S. Saini |
||
| 260 |
_aPanchkula _bAapga Publications _c1997 |
||
| 270 |
_aSCF 267, sec-16 _bPanchkula |
||
| 300 |
_axvi, 622p. _c21cm(Hb) |
||
| 650 |
_aEntrepreneurship & economic development _z _vHanbooks _919984 |
||
| 700 |
_aRathore, B.S. _919936 |
||
| 700 |
_aSaini, J.S. _919971 |
||
| 942 |
_2ddc _cEN _h338.04 _mHAN |
||
| 999 |
_c127271 _d127271 |
||